One Piece- Emperor crews - Statistics

General Stats
  • This quiz has been taken 124 times
    107 since last reset
  • The average score is 63 of 94
Answer Stats
Hint Answer % Correct
Straw Hat Monkey D. Luffy
98%
Pirate Hunter Roronoa Zoro
98%
Doctor Chopper
96%
Cat burglar Nami
96%
Princess Nefertari Vivi
96%
Sniper Usopp
96%
Black Leg Vinsmoke Sanji
96%
Musician Brook
95%
Cyborg Franky
95%
Devil Child Nico Robin
95%
Former Warlord Jinbe
93%
Red Hair Shanks
93%
Sniper Yasopp
91%
First Mate Benn Beckman
89%
Strongest Creature Kaido
88%
All-star King
88%
All-star Queen
86%
Soul-Soul fruit Charlotte Linlin
84%
Strongest man Edward Newgate
84%
All-star Jack
84%
Cook Lucky Roux
84%
Phoenix Marco
84%
Fire fist Portgas D. Ace
84%
Son of Kaido Yamato
84%
Chop-Chop fruit Buggy
79%
Sweet commander Charlotte Katakuri
79%
Former Warlord Crocodile
79%
Greatest Swordsman Dracule Mihawk
79%
Two devil fruits Marshall D. Teach
79%
Sweet commander Charlotte Cracker
77%
Diamond Jozu
77%
Former Admiral Kuzan
77%
Flower swordsman Vista
77%
former 2nd division Kozuki Oden
75%
Tobiroppo Ulti
75%
Tobiroppo Who's-Who
75%
Smooth-Smooth fruit Alvida
74%
Wax-Wax fruit Galdino
74%
Sweet commander Charlotte Smoothie
72%
Sick-Sick fruit Doc Q
72%
Strong-Strong fruit Jesus Burgess
72%
Tobiroppo Page One
72%
Tobiroppo/supernova X Drake
72%
Tobiroppo Black Maria
70%
First Son of Charlotte Charlotte Perospero
70%
Dice-Dice fruit Daz Bones
70%
Sniper (warp-warpfruit) Van Augur
70%
Mythical Kitsune fruit Catarina Devon
68%
Heat-Heat fruit Charlotte Oven
68%
supernova Hawkins
68%
Former impel downjailer Shiryu
68%
Killed by teach Thatch
68%
Cloud Homie(with NAMI) Zeus
68%
supernova Apoo
67%
Wano gunman Izo
67%
Time-Time fruit Kozuki Toki
67%
Dog mink Cat viper
65%
Cat mink Dogstorm
65%
Mirror-Mirror fruit Charlotte Brulee
63%
Three eyed tribe Charlotte Pudding
63%
Colossal Battleship(Huge-Huge fruit) Sanjuan Wolf
63%
Isle-Isle fruit Avalo Pizarro
60%
Ancient Giant(subordinate) Little Oars Jr.
60%
Lion Richie
60%
Glug-Glug fruit Vasco Shot
60%
Egg-Egg fruit Baron Tamago
58%
supernova Capone Bege
58%
Sword Homie Napoleon
58%
Sun Homie Prometheus
58%
Fifth ship Laffitte
56%
Tobiroppo Sasaki
56%
Pegasus Stronger
56%
Swordsman Cabaji
54%
Puff-Puff fruit Charlotte Daifuku
54%
Book-Book fruit Charlotte Mont-d'or
54%
Former sweetcommander Charlotte Snack
51%
New Cloud Homie Hera
49%
Beast tamer Mohji
49%
Cook-Cook fruit Streusen
49%
Member Rockstar
47%
Minister of WhippedCream Charlotte Opera
46%
Senior Officer Limejuice
40%
smile user Speed
40%
Minister of Butter Charlotte Galette
39%
Monkey Monster
37%
smile user Holdem
35%
Pocket-Pocket fruit Blamenco
33%
smile user Babanuki
32%
Senior Officer Bonk Punch
32%
Navigator Building snake
30%
8th division(fishman) Namur
30%
Minister of Nuts Charlotte Amande
28%
First Daughter ofCharlotte Charlotte Compote
28%
Senior Officer Gab
23%
No matching quizzes found
Score Distribution
Percent of People with Each Score
Percentile by Number Answered
Your Score History
You have not taken this quiz since the last reset